000 01180nam a2200277 a 4500
001 000036807
005 20240508073817.0
008 120201s2011 dr ah 001 0 spa d
020 _a9789945074406
040 _aDO-SdBNP
_bspa
_cBNPHU
082 _a306.362097293
_bG643d
100 1 _aGonzález de Peña, Raymundo Manuel,
_d1961-
_963148
245 1 0 _aDe esclavos a campesinos :
_bvida rural en Santo Domingo colonial /
_cRaymundo González.
260 _aSanto Domingo :
_bArchivo General de la Nación,
_c2011.
300 _a185 p. :
_bil., facsíms. ;
_c24 cm.
490 1 _aArchivo General de la Nación
_v148
500 _aIncluye datos biográficos del autor en la solapa de la cubierta.
504 _aBibliografía: p.161-169.
590 _aInventariado, 2018/MFF
650 4 _aEsclavitud en república dominicana
_xEmancipación
_963149
650 4 _aNegros
_xVida social y costumbres
_zRepública Dominicana
_940538
650 4 _aCampesinos
_xCondiciones sociales
_zRepública Dominicana
_963150
650 4 _aSociología rural
_zRepública Dominicana
_963151
651 4 _aRepública Dominicana
_xCondiciones Rurales
_99403
910 _aValidado. Control de calidad EMS
999 _c36298
_d36298